Corporate real estate asset management (Record no. 116060)
[ view plain ]
| 000 -LEADER | |
|---|---|
| fixed length control field | 02713cad a22003015a 4500 |
| 001 - CONTROL NUMBER | |
| control field | L159626 |
| 008 - FIXED-LENGTH DATA ELEMENTS--GENERAL INFORMATION | |
| fixed length control field | 110418s2017 xxk f 001 0 eng d |
| 020 ## - INTERNATIONAL STANDARD BOOK NUMBER | |
| International Standard Book Number | 9781315690445 |
| 035 ## - SYSTEM CONTROL NUMBER | |
| System control number | (Sirsi) u159626 |
| 041 0# - LANGUAGE CODE | |
| Language code of text/sound track or separate title | eng |
| 050 04 - LIBRARY OF CONGRESS CALL NUMBER | |
| Classification number | 333.33 $2 18 |
| 050 04 - LIBRARY OF CONGRESS CALL NUMBER | |
| Classification number | 658.200941 $2 18 |
| 100 1# - MAIN ENTRY--PERSONAL NAME | |
| Personal name | Haynes, Barry P. |
| 245 00 - TITLE STATEMENT | |
| Title | Corporate real estate asset management |
| Remainder of title | strategy and implementation |
| Medium | [electronic resource] |
| 250 ## - EDITION STATEMENT | |
| Edition statement | 2nd ed. |
| 260 ## - PUBLICATION, DISTRIBUTION, ETC. | |
| Place of publication, distribution, etc. | Abingdon |
| Name of publisher, distributor, etc. | Routledge |
| Date of publication, distribution, etc. | 2017 |
| 300 ## - PHYSICAL DESCRIPTION | |
| Extent | EBOOK |
| 505 2# - FORMATTED CONTENTS NOTE | |
| Formatted contents note | The Cream Context -- Positon: Understanding the business environment -- Purpose: How company and corporate strategies can be aligned --Paradigm: How a company aligns its real estate with its culture, mission and values -- Processes: How real estate can support business processes, activities and work styles -- Procurement: Selecting appropriate real estate options that support the strategic and financial requirements of the corporate occupier -- Place: Selecting appropriate locations, buildings and configurations -- People: The importance of the interaction between people and real estate -- Planet: How CREAM can integrate sustainability, responsibility and governance -- Performance: How to measure and benchmark the performance of corporate real estate -- Productivity: How CREAM can support improved business productivity -- Case Study 1: A Sectoral view of CREAM: TMT -- Case Study 2: Implementing Activity Based Working -- Case Study 3: Activity based Workplaces -- Case Study 4: Benchmarking key CREAM components -- Case Study 5: Integrating Sustainability into CREAM practice -- Case Study 6: CREAM in the Public Sector -- Case Study 7: Coworking: JustCo Case Study Singapore -- Case Study 8: Workplace Transformation: Nokia connecting people -- Case Study 9: Headquarter reconfiguration: The Hong Kong Jockey Club |
| 520 ## - SUMMARY, ETC. | |
| Summary, etc. | Focuses on successful and efficient use of corporate office space. Written from an occupier?s perspective, the book presents a ten-point Corporate Real Estate Asset Management (CREAM) model that offers advice on issues such as sustainability, workplace productivity, real estate performance measurement, change management and customer focus. In addition, new case studies provide real-life examples of how corporations in the UK, USA, Hong Kong and Abu Dhabi actively manage their corporate real estate. |
| 650 24 - SUBJECT ADDED ENTRY--TOPICAL TERM | |
| Topical term or geographic name entry element | Commercial property |
| 9 (RLIN) | 6227 |
| 650 24 - SUBJECT ADDED ENTRY--TOPICAL TERM | |
| Topical term or geographic name entry element | ASSET MANAGEMENT |
| 651 #4 - SUBJECT ADDED ENTRY--GEOGRAPHIC NAME | |
| Geographic name | United Kingdom |
| Chronological subdivision | |
| 690 ## - LOCAL SUBJECT ADDED ENTRY--TOPICAL TERM (OCLC, RLIN) | |
| Topical term or geographic name as entry element | Property management |
| 9 (RLIN) | 6262 |
| 700 1# - ADDED ENTRY--PERSONAL NAME | |
| Personal name | Nunnington, Nick |
| 700 1# - ADDED ENTRY--PERSONAL NAME | |
| Personal name | Eccles, Timothy |
| 856 40 - ELECTRONIC LOCATION AND ACCESS | |
| Uniform Resource Identifier | <a href="https://www.vlebooks.com/">https://www.vlebooks.com/</a> |
| Public note | View on VLEbooks. Logins for members only from [email protected] |
| 942 ## - ADDED ENTRY ELEMENTS (KOHA) | |
| Suppress in OPAC | 0 |
| Source of classification or shelving scheme | Dewey Decimal Classification |
| Withdrawn status | Lost status | Source of classification or shelving scheme | Damaged status | Not for loan | Home library | Current library | Shelving location | Date acquired | Total Checkouts | Full call number | Barcode | Date last seen | Copy number | Price effective from | Koha item type |
|---|---|---|---|---|---|---|---|---|---|---|---|---|---|---|---|
| Dewey Decimal Classification | Virtual | Virtual | Online | 29/11/2017 | eBook | 159626-2001 | 06/08/2019 | 1 | 06/08/2019 | Book |